[Event "6th Open"]
[Site "Tanta City EGY"]
[Date "2003.12.16"]
[Round "9"]
[White "Miroshnichenko,E"]
[Black "Abdel Razik,K"]
[Result "1-0"]
[WhiteElo "2571"]
[BlackElo "2380"]

1.Nf3 d5 2.c4 e6 3.g3 Nf6 4.Bg2 Be7 5.O-O O-O 6.d4 c5 7.dxc5 dxc4 8.Qc2 Qa5
9.Nbd2 Qxc5 10.Nxc4 Nd5 11.b3 Nc6 12.e4 Ndb4 13.Qe2 Nd4 14.Nxd4 Qxd4 15.Bb2 Qc5
16.Rfd1 Qb5 17.a4 Qg5 18.e5 Nd5 19.h4 Qh6 20.Rd3 f6 21.exf6 Bxf6 22.Bxf6 Qxf6
23.Re1 Rd8 24.Ne5 Qe7 25.h5 a5 26.Qd2 Qb4 27.Rd1 Qxd2 28.R1xd2 Re8 29.f4 Nb4
30.Rd8 Kf8 31.Be4 h6 32.Bg6 Rxd8 33.Rxd8+ Ke7 34.Rg8 Nc6 35.Nc4 Nd8 36.Re8+  1-0

[Event "1st GM"]
[Site "Kish IRI"]
[Date "2003.12.17"]
[Round "7"]
[White "Moradiabadi,E"]
[Black "Mallahi,A"]
[Result "1/2-1/2"]
[WhiteElo "2354"]
[BlackElo "2382"]

1.Nf3 d5 2.c4 e6 3.d4 c6 4.Qc2 dxc4 5.Qxc4 Nf6 6.g3 b5 7.Qc2 Bb7 8.Bg2 c5
9.dxc5 Na6 10.O-O Bxc5 11.Nc3 Rc8 12.Qb3 b4 13.Na4 Bd5 14.Qd3 Qa5 15.Nxc5 Nxc5
16.Qd4 O-O 17.Bd2 Rb8 18.Rfc1 Nce4 19.Be3 Qb5 20.Qd3 Qb7 21.Qd4 Ra8 22.a3 b3
23.Ne5 Rfd8 24.f3 Nd6 25.Bf2 Nb5 26.Qb4 a5 27.Qa4 Nd7 28.Nxd7 Qxd7 29.e4 Bc6
30.Qxb3 e5 31.Qd1 Nd4 32.Rc5 Ba4 33.Qf1 Bb5 34.Qe1 a4 35.Rd5 Qe8 36.Bxd4 exd4
37.Qd2 d3 38.Bf1 Rxd5 39.exd5 Qe5 40.Rd1 Qd4+ 41.Kg2 Rb8 42.Qc3 Qxd5 43.Bxd3 Bxd3
44.Rxd3 Qb5 45.Rd2 h6 46.Qe3 Re8 47.Qf2 h5 48.h4 g6 49.Qf1  1/2-1/2

[Event "4th NAO IM"]
[Site "Paris FRA"]
[Date "2003.12.20"]
[Round "6"]
[White "Glicenstein,A"]
[Black "Colin,V"]
[Result "0-1"]
[WhiteElo "2339"]
[BlackElo "2351"]

1.Nf3 d5 2.c4 e6 3.b3 Nf6 4.g3 a5 5.Nc3 d4 6.Nb5 Nc6 7.Bg2 e5 8.O-O Bc5 9.d3 Bg4
10.h3 Bd7 11.Bg5 Rc8 12.a3 h6 13.Bd2 Qe7 14.Be1 O-O 15.Qb1 Rfe8 16.Qb2 Bf5
17.b4 axb4 18.axb4 Bxb4 19.Na7 Rb8 20.Nh4 Bd7 21.Nb5 Bxe1 22.Rfxe1 Rbc8 23.e3 dxe3
24.Rxe3 Qc5 25.Rae1 e4 26.dxe4 Qxc4 27.e5 Nh7 28.Na3 Qa6 29.Bf1 Qa7 30.e6 Rxe6
31.Bc4 Rxe3 32.Rxe3 Ng5 33.g4 Be6 34.Bxe6 fxe6 35.Nb5 Qc5 36.Qe2 Nd4 37.Nxd4 Qxd4
38.Rxe6 Nxh3+ 39.Kh2 Nf4 40.Re8+ Rxe8 41.Qxe8+ Kh7 42.Kg3 Qd3+ 43.f3 Ng6
44.Nf5 Qc3 45.Kf2 Qd2+ 46.Kg3 Qf4+ 47.Kg2 Qe5 48.Qf7 Qe2+ 49.Kg1 Qe1+  0-1

[Event "7th White Tower Open"]
[Site "Thessaloniki GRE"]
[Date "2003.12.23"]
[Round "5"]
[White "Nikolaou,G"]
[Black "Pambalou,F"]
[Result "1/2-1/2"]
[WhiteElo "2237"]
[BlackElo "2034"]

1.Nf3 d5 2.c4 e6 3.g3 g6 4.Bg2 Bg7 5.O-O Ne7 6.Qc2 O-O 7.d3 Nbc6 8.a3 a5
9.Nc3 d4 10.Na4 e5 11.b4 axb4 12.Qb3 bxa3 13.Rxa3 Na5 14.Qb4 Nec6 15.Qb5 b6
16.Bg5 Qd6 17.c5 bxc5 18.Qxc5 Qxc5 19.Nxc5 Rb8 20.Rc1 Rb5 21.Ne1 Re8 22.Ne4 Re6
23.Nc5 Re8 24.Ne4  1/2-1/2

[Event "24th Open"]
[Site "Bethune FRA"]
[Date "2003.12.27"]
[Round "2"]
[White "Abeln,M"]
[Black "Jossien,R"]
[Result "1-0"]
[WhiteElo "2288"]
[BlackElo "2155"]

1.Nf3 d5 2.c4 c6 3.b3 Nf6 4.Bb2 Bg4 5.g3 Nbd7 6.Bg2 e6 7.O-O Bd6 8.h3 Bh5
9.d3 O-O 10.Nbd2 Qc7 11.Rc1 Rad8 12.Qc2 Ne5 13.Nd4 a6 14.cxd5 Nxd5 15.Nc4 Nxc4
16.bxc4 Nb4 17.Qb3 c5 18.Nf3 Rd7 19.d4 Nc6 20.d5 exd5 21.cxd5 Na5 22.Qd3 b5
23.Ng5 Bg6 24.Qc3 f6 25.Ne6 Qb6 26.Nxf8 Kxf8 27.Qf3 Nc4 28.Bc3 Ne5 29.Bxe5 Bxe5
30.Qg4 Rd8 31.h4 c4 32.Rfd1 Bb2 33.h5 Bf7 34.Rc2 c3 35.Be4 h6 36.Qf5 b4 37.Qh7 Bxh5
38.Bf5 Bf7 39.Qh8+ Bg8 40.Rd3 b3 41.axb3 Qxb3 42.Be6 Qxc2 43.Qxg8+ Ke7 44.d6+  1-0

[Event "Open"]
[Site "Pamplona ESP"]
[Date "2003.12.28"]
[Round "9"]
[White "Rojas Sol. P.,P"]
[Black "Adla,D"]
[Result "1/2-1/2"]
[WhiteElo "2176"]
[BlackElo "2484"]

1.Nf3 d5 2.c4 d4 3.b4 g6 4.Bb2 Bg7 5.Na3 e5 6.e3 dxe3 7.fxe3 Qe7 8.Qb3 Nh6
9.Be2 O-O 10.O-O e4 11.Bxg7 Kxg7 12.Qc3+ Kg8 13.Nd4 Nd7 14.c5 a5 15.Rac1 axb4
16.Qxb4 Ne5 17.Nc4 Rxa2 18.Qb1 Ra8 19.Qxe4 Re8 20.Nxe5 Qxe5 21.Qxe5 Rxe5
22.Nb5 Ra2 23.Rfd1 Re7 24.Ra1 Be6 25.Rxa2 Bxa2 26.Ra1 Bd5 27.Ra8+ Kg7 28.Rc8 c6
29.Nd6 Nf5 30.Bg4 Nh4 31.g3 h5 32.gxh4 hxg4 33.Rb8 Re5 34.Kf2 Be6 35.d4 Rh5
36.Ne8+ Kh6 37.Kg3 g5 38.Nd6 gxh4+ 39.Kf4 Kg6 40.Rxb7 Rh8 41.e4 Ra8 42.Nf5 Ra2
43.Nxh4+ Kh5 44.Nf5 Rf2+ 45.Ke5 Bxf5 46.exf5 Rxh2 47.Rxf7 Re2+ 48.Kf6 g3
49.Rg7 Kh4 50.Kf7 Re4 51.f6 Rxd4 52.Kg8 Rd8+ 53.Kh7 Rf8 54.f7 g2 55.Rxg2 Rxf7+
56.Kg6 Rd7 57.Kf5 Rd5+ 58.Ke6 Rxc5 59.Kd6 Rc1 60.Rg8  1/2-1/2

[Event "7th White Tower Open"]
[Site "Thessaloniki GRE"]
[Date "2003.12.28"]
[Round "9"]
[White "Nikolaou,G"]
[Black "Exizoglou,D"]
[Result "1/2-1/2"]
[WhiteElo "2237"]
[BlackElo "2164"]

1.Nf3 d5 2.c4 c6 3.b3 Bf5 4.Bb2 e6 5.g3 Nf6 6.Bg2 Be7 7.O-O O-O 8.d3 Nbd7
9.Qc2 h6 10.Nc3 Bh7 11.e4 Nc5 12.Rad1 Qb6 13.Nd4 Rfd8 14.Qe2 Bf8 15.e5 Ne8
16.Kh1 a5 17.cxd5 cxd5 18.Ncb5 Rdc8 19.f4 Nc7 20.Nxc7 Rxc7 21.f5 a4 22.fxe6 Nxe6
23.Nxe6 fxe6 24.Bh3 axb3 25.axb3 Rc6 26.Rc1 Bc5 27.Ba1 Qxb3 28.Rf3 Bg6 29.d4 Bxd4
30.Rcf1 Qb6 31.Bxd4 Qxd4 32.Rf4 Be4+ 33.Bg2 Qxe5 34.Bxe4 dxe4 35.Rxe4 Qd5
36.Rd1 Qb3 37.Re3 Ra2 38.Rd2 Ra1+ 39.Kg2 Qb1 40.Rxe6 Rxe6 41.Qxe6+ Kh7 42.Qe2 Qh1+
43.Kh3 Qf1+ 44.Qxf1 Rxf1 45.Rb2 Rf7 46.Kg4 Kg8 47.Kh5 Rf5+ 48.Kg4 Rf7 49.Kh5 Rc7
50.h4 Kf7 51.g4 Ke6 52.g5 hxg5 53.hxg5 Re7 54.Kg6 Kd6 55.Rd2+ Kc5 56.Rc2+ Kd4
57.Rb2 Kc4 58.Rc2+ Kd3 59.Rb2 Kc4 60.Rc2+ Kb3 61.Rf2 b5 62.Rf7 Rxf7 63.Kxf7 Kc3
64.Kxg7 b4 65.Kf7  1/2-1/2

[Event "Open"]
[Site "Lilie Litomysl CZE"]
[Date "2004.01.01"]
[Round "9"]
[White "Adamkova,S"]
[Black "Mejzlik,V"]
[Result "0-1"]
[WhiteElo "2079"]
[BlackElo "2114"]

1.Nf3 d5 2.c4 c6 3.e3 Nf6 4.Be2 Bg4 5.b3 Bxf3 6.Bxf3 e5 7.O-O Bd6 8.cxd5 cxd5
9.Qc2 O-O 10.Ba3 Nc6 11.Bxd6 Qxd6 12.Nc3 a6 13.Rfd1 Rfe8 14.d4 e4 15.Be2 Rac8
16.Qb2 h5 17.a3 Ng4 18.g3 Re6 19.h3 Nxe3 20.Rd2 Nf5 21.Bxh5 e3 22.Rd3 Nfxd4
23.f4 g6 24.Bg4 f5 25.Bd1 Rce8 26.Ne2 Nxe2+ 27.Qxe2 Qc5 28.b4 Qb6 29.Rxd5 Nd4
30.Qc4 e2 31.Bxe2 Nxe2+ 32.Kg2 Qe3 33.Rd3 Qe4+ 34.Qxe4 fxe4 35.Rd7 b5 36.Re1 Nc3
37.Rc1 Rc6 38.h4 e3 39.Kf1 e2+ 40.Ke1 Re3 41.Kf2  0-1

[Event "ch-Commonwealth"]
[Site "Mumbai IND"]
[Date "2004.01.10"]
[Round "1"]
[White "Hegde,R"]
[Black "Sandipan,C"]
[Result "1/2-1/2"]
[WhiteElo "2344"]
[BlackElo "2522"]

1.Nf3 d5 2.c4 e6 3.d4 Nf6 4.g3 Bb4+ 5.Bd2 Be7 6.Bg2 O-O 7.Qc2 c6 8.O-O Nbd7
9.Bf4 b6 10.Nbd2 Bb7 11.e4 Rc8 12.Rad1 c5 13.exd5 exd5 14.Rfe1 Re8 15.Qb1 dxc4
16.Nxc4 cxd4 17.Rxd4 Bc5 18.Rxe8+ Qxe8 19.Nd6 Bxd6 20.Rxd6 h6 21.Qd1 Rc5
22.Ne5 Bxg2 23.Nxd7 Nxd7 24.Kxg2 Qe4+ 25.Qf3 Qxf3+ 26.Kxf3 Nf6 27.Be3 Rc2
28.Bd4 Kf8 29.Rd8+ Ke7 30.Ra8 Rc7 31.a4 Rd7 32.Bc3 g6 33.g4 h5 34.Bxf6+  1/2-1/2

[Event "ch-Commonwealth"]
[Site "Mumbai IND"]
[Date "2004.01.11"]
[Round "2"]
[White "Sundararajan,K"]
[Black "Gogte,Y"]
[Result "1-0"]
[WhiteElo "2437"]
[BlackElo "2167"]

1.Nf3 d5 2.c4 e6 3.d4 c6 4.Qc2 Nf6 5.Bg5 Nbd7 6.Nbd2 Bd6 7.e3 h6 8.Bh4 O-O
9.Be2 e5 10.cxd5 cxd5 11.dxe5 Nxe5 12.Nxe5 Bxe5 13.O-O Qc7 14.Qxc7 Bxc7 15.Nf3 Ne4
16.Rac1 Bd6 17.Rfd1 g5 18.Bg3 Nxg3 19.hxg3 Be6 20.Nd4 Rfc8 21.Rxc8+ Rxc8
22.e4 Be5 23.exd5 Bd7 24.Bb5 Rc5 25.Nf3 Bxb5 26.Nxe5 f6 27.Ng4 Kf7 28.Ne3 Bd7
29.g4 Ke7 30.f3 Ra5 31.a3 Rb5 32.Nc4 Rb3 33.Rd2 b6 34.Kf2 a5 35.Re2+ Kd8
36.Nd6 Rd3 37.Nf7+ Kc7 38.Ke1 a4 39.Rd2 Re3+ 40.Kf2 Re7 41.Nxh6 Kb7 42.Nf5 Re5
43.Ng3  1-0

[Event "ch-Commonwealth"]
[Site "Mumbai IND"]
[Date "2004.01.12"]
[Round "3"]
[White "Hegde,R"]
[Black "Krishna,CR"]
[Result "1-0"]
[WhiteElo "2344"]
[BlackElo "2106"]

1.Nf3 d5 2.c4 Nf6 3.cxd5 Nxd5 4.d4 g6 5.e4 Nb6 6.h3 Bg7 7.Nc3 O-O 8.Be2 Nc6
9.Be3 Na5 10.O-O Nac4 11.Bg5 Be6 12.b3 Na5 13.Rc1 c6 14.Qd2 Bxb3 15.axb3 Nxb3
16.Qb2 Nxc1 17.Rxc1 Qd7 18.Rd1 Qe6 19.Qb4 Rfe8 20.Bf4 h6 21.Be3 Red8 22.h4 Kh7
23.h5 Rac8 24.hxg6+ fxg6 25.Ra1 Ra8 26.Ra3 Qd6 27.Qb3 e6 28.e5 Qe7 29.Ne4 Nd5
30.Bd2 Bf8 31.Ra5 b6 32.Rxd5 cxd5 33.Nf6+ Kh8 34.Nh4 Qf7 35.Qh3 Bg7 36.Bd3 Bxf6
37.Nxg6+ Kg8 38.exf6 Qxf6 39.Bxh6 Rd7 40.Ne5 Re7 41.Qg4+ Kh8 42.Bg5 Qg7 43.Ng6+ Kg8
44.Nxe7+ Kf8 45.Ng6+ Kf7 46.Ne5+ Kf8 47.Ng6+ Kf7 48.Qf3+ Ke8 49.Bb5+  1-0

[Event "Open"]
[Site "Praha CZE"]
[Date "2004.01.16"]
[Round "1"]
[White "Vokac,M"]
[Black "Lachaux,J"]
[Result "1-0"]
[WhiteElo "2460"]
[BlackElo "2038"]

1.Nf3 d5 2.c4 c6 3.b3 Nf6 4.Bb2 Bf5 5.g3 e6 6.Bg2 Be7 7.O-O O-O 8.d3 Nbd7
9.Nh4 Bg4 10.h3 Bh5 11.g4 Bg6 12.Nd2 Nc5 13.Nxg6 hxg6 14.Qc2 Nfd7 15.d4 Na6
16.e4 Rc8 17.a3 Nc7 18.Rae1 c5 19.exd5 exd5 20.cxd5 cxd4 21.Nc4 b5 22.d6 Bf6
23.Na5 Ne6 24.Nc6 Qb6 25.Rxe6 fxe6 26.g5 d3 27.Qxd3 Rxc6 28.gxf6 Rxd6 29.Qxg6 Rxf6
30.Bxf6 Nxf6 31.Rc1 Qd8 32.Rc3 Qd7 33.b4 e5 34.Qc2 Nd5 35.Rc8+  1-0

[Event "ch-Kiev"]
[Site "Kiev UKR"]
[Date "2004.01.17"]
[Round "2"]
[White "Sergeev,Vl"]
[Black "Karnaukh,A"]
[Result "1/2-1/2"]
[WhiteElo "2438"]
[BlackElo "2264"]

1.Nf3 d5 2.c4 c6 3.e3 Nf6 4.d4 e6 5.Nbd2 Nbd7 6.Bd3 Be7 7.e4 dxe4 8.Nxe4 Nxe4
9.Bxe4 Nf6 10.Bc2 O-O 11.O-O c5 12.Bg5 cxd4 13.Nxd4 a6 14.Re1 Qc7 15.Qd3 g6
16.Qf3 Nh5 17.Bxe7 Qxe7 18.Rad1 Qc7 19.Qc3 b6 20.Be4 Bb7 21.Nf3 Rfd8 22.Bxb7 Qxb7
23.g3 Qc7 24.b4 Rxd1 25.Rxd1 Rd8 26.Rxd8+ Qxd8 27.c5 Nf6 28.c6 Nd5 29.Qc4 Qd6
30.a4 Nc7 31.Nd4 e5 32.Nf3 Kg7 33.Ng5 Qd1+ 34.Kg2 Qd5+ 35.Qxd5 Nxd5 36.Ne4 Nc7
37.f4 exf4 38.gxf4 f5 39.Ng5 h6 40.Nf3 Kf6 41.Ne5 b5 42.axb5 axb5 43.h4 g5
44.Nd7+ Kg6 45.fxg5 hxg5 46.hxg5 Kxg5 47.Kf3 Ne6 48.Kg3  1/2-1/2

[Event "1st WinTV Open"]
[Site "Chennai IND"]
[Date "2004.01.22"]
[Round "3"]
[White "Srinivasa Rao,M"]
[Black "Sidorova,E"]
[Result "1-0"]
[WhiteElo "2335"]
[BlackElo "2157"]

1.Nf3 d5 2.c4 c6 3.cxd5 cxd5 4.d4 Nf6 5.Nc3 Nc6 6.Bf4 a6 7.e3 Bg4 8.Be2 e6
9.O-O Be7 10.h3 Bxf3 11.Bxf3 O-O 12.Rc1 Rc8 13.Be2 Na5 14.Bd3 Nc4 15.Qe2 b5
16.a4 b4 17.Nb1 a5 18.Bxc4 dxc4 19.Rxc4 Nd5 20.Be5 Qd7 21.b3 Rxc4 22.Qxc4 Rc8
23.Qa6 Bd8 24.Nd2 f6 25.Bg3 Rc6 26.Qb5 Nc3 27.Qd3 e5 28.Kh2 Qd5 29.Nc4 Nxa4
30.Nxe5 Rc3 31.Qf5 Rxb3 32.e4 Qd6 33.Nf7 Qe7 34.Nxd8 Rxg3 35.Qd5+  1-0

[Event "TCh-AUT 2003-4"]
[Site "Velden AUT"]
[Date "2004.01.22"]
[Round "4"]
[White "Stanec,N"]
[Black "Danner,G"]
[Result "1/2-1/2"]
[WhiteElo "2539"]
[BlackElo "2393"]

1.Nf3 d5 2.c4 d4 3.g3 c5 4.b4 cxb4 5.a3 bxa3 6.Bxa3 Nc6 7.Bg2 Nf6 8.O-O e5
9.Bxf8 Kxf8 10.d3 g6 11.Nbd2 Kg7 12.Ng5 Qe7 13.Nb3 h6 14.Ne4 Nxe4 15.Bxe4 Bh3
16.Re1 Rac8 17.Qc1 Rhe8 18.Qa3 Qxa3 19.Rxa3 Re7 20.Rea1 Rcc7 21.Ra4 h5 22.Nd2 Kh6  1/2-1/2

[Event "TCh-AUT 2003-4"]
[Site "Velden AUT"]
[Date "2004.01.22"]
[Round "4"]
[White "Kleissl,H"]
[Black "Gaertner,G"]
[Result "1/2-1/2"]
[WhiteElo "2311"]
[BlackElo "2340"]

1.Nf3 d5 2.c4 c6 3.e3 Nf6 4.b3 Bg4 5.Bb2 e6 6.Be2 Nbd7 7.O-O Be7 8.Nc3 O-O
9.cxd5 exd5 10.Nd4 Bxe2 11.Qxe2 Re8 12.Nf5 Bf8 13.f4 g6 14.Ng3 Bg7 15.Nd1 Ne4
16.Bxg7 Nxg3 17.hxg3 Kxg7 18.g4 Nf6 19.d3 h5 20.gxh5 Nxh5 21.Rf3 f5 22.Nf2 Nf6
23.g4 Nxg4 24.Nxg4 fxg4 25.Rg3 Qf6 26.Rf1 Qf5 27.Rf2 Re6 28.Rfg2 d4 29.Rxg4 dxe3
30.Qb2+ Kf7 31.Rh4 Qf6 32.Rh7+ Kg8 33.Qxf6 Rxf6 34.Re7 Rd8 35.Rxe3 Kg7 36.Re7+ Rf7
37.Re6 Rf6 38.Re7+ Rf7 39.Re6 Rxd3 40.Rexg6+ Kf8 41.Rg8+ Ke7 42.R8g7 Rf3
43.Rxf7+ Kxf7 44.Rf2 Rd3 45.Kf1 Kf6 46.Ke2 Rh3 47.Rg2 a5 48.Kd2 Rf3 49.Rh2 Rxf4
50.Rh7 Rb4 51.Kc3 Ke6 52.Rg7 Rb5 53.a4 Rb4 54.Rg5 b6 55.Rg6+ Kd7 56.Rg7+ Kc8
57.Rg8+ Kb7 58.Rg7+ Ka6 59.Rc7 c5 60.Kc2 Rh4 61.Kc3 Rg4 62.Rh7 Rd4 63.Rg7 Rd8
64.Rh7 Rb8 65.Kc4 Rb7 66.Rh6 Rd7 67.Kc3 Kb7 68.Rg6 Kc7 69.Rh6 Rd6 70.Rh8 Rg6
71.Kc4 Rg4+ 72.Kc3 Rd4 73.Rh7+ Kc6 74.Rh6+ Rd6 75.Rh5 Rf6 76.Kc4 Re6 77.Rg5 Re4+
78.Kc3 Rb4 79.Rg6+ Kd5 80.Rg5+ Kd6 81.Rg6+ Ke5 82.Rh6 Kd5 83.Rh5+ Kd6 84.Rh6+ Ke7
85.Rg6 Kd7 86.Rg7+ Ke8 87.Rg6 c4 88.bxc4 Kd7 89.Rh6 Kc7 90.Rh7+ Kc6 91.Rh6+ Kb7
92.Rh7+ Ka6 93.Rh6 Rb1 94.Kc2 Rb4 95.Kc3 Kb7 96.Rh7+ Ka8  1/2-1/2

[Event "TCh-BEL 2003-4"]
[Site "Belgium BEL"]
[Date "2004.01.25"]
[Round "2"]
[White "De Bruycker,B"]
[Black "Parmentier,X"]
[Result "1-0"]
[WhiteElo "2226"]
[BlackElo "2335"]

1.Nf3 d5 2.c4 c6 3.g3 Nf6 4.Bg2 e6 5.b3 Nbd7 6.O-O a6 7.Bb2 Be7 8.cxd5 cxd5
9.Nc3 O-O 10.Nd4 Ne5 11.f4 Nc6 12.Nxc6 bxc6 13.Na4 Nd7 14.Rc1 Nb6 15.Nc5 Nd7
16.Na4 Nb6 17.Nc5 Nd7 18.Nd3 Qb6+ 19.e3 a5 20.Rf2 a4 21.b4 Ba6 22.Bf1 c5
23.bxc5 Nxc5 24.Bd4 Rfc8 25.Ne5 Qd8 26.Nxf7 Kxf7 27.Qh5+ Kg8 28.Qg4 Qf8 29.Bxc5 Rxc5
30.Rxc5 Bxc5 31.Qxe6+ Qf7 32.Qc6 Bb7 33.Qxc5 Rc8 34.Qb6 h5 35.Bd3 h4 36.gxh4 d4
37.e4 Qd7 38.f5 Qe7 39.f6 Rc1+ 40.Bf1 Qd7 41.f7+ Kh7 42.f8=N+  1-0

[Event "Winter Open"]
[Site "Belgrade SCG"]
[Date "2004.01.27"]
[Round "7"]
[White "Vasic,D"]
[Black "Rosandic,M"]
[Result "1-0"]
[WhiteElo "2189"]
[BlackElo "1991"]

1.Nf3 d5 2.c4 e6 3.g3 Nf6 4.Bg2 c5 5.O-O Nc6 6.b3 Bd6 7.d3 Qc7 8.Bb2 d4 9.Nbd2 e5
10.Ng5 Bf5 11.Nde4 Be7 12.h3 h6 13.Nxf6+ Bxf6 14.Ne4 Be7 15.Qe1 O-O 16.e3 Be6
17.exd4 cxd4 18.Nd2 Nb4 19.Qe2 Rae8 20.a3 Nc2 21.Ra2 b5 22.Nf3 e4 23.dxe4 bxc4
24.Qxc2 d3 25.Qc3 f6 26.bxc4 Bc5 27.Kh2 Rd8 28.Bc1 g5 29.Rd2 Qb6 30.Rxd3 Rc8
31.Qb3 Qc7 32.Nd4 Bf7 33.Nf5 Kh7 34.f4 Bxc4 35.Qd1 Bxd3 36.Qxd3 Rfd8 37.Qe2 Qf7
38.e5 Qe6 39.Be4 Kh8 40.Nxh6 g4 41.Bf5 Qe7 42.Bxc8 Rxc8 43.Re1 Re8 44.Nxg4 f5
45.Nf6 Kg7 46.Nxe8+ Qxe8  1-0

[Event "1st WinTV Open"]
[Site "Chennai IND"]
[Date "2004.01.27"]
[Round "7"]
[White "Hegde,R"]
[Black "Hariharan,V"]
[Result "1/2-1/2"]
[WhiteElo "2344"]
[BlackElo "2245"]

1.Nf3 d5 2.c4 e6 3.g3 Nf6 4.Bg2 Be7 5.O-O O-O 6.d4 dxc4 7.Qc2 a6 8.Nbd2 b5
9.Ng5 c6 10.b3 h6 11.Ngf3 cxb3 12.Nxb3 Bb7 13.Ne5 Nd5 14.Bd2 a5 15.a4 b4
16.e4 Nf6 17.f4 Ra6 18.Nd3 Nbd7 19.e5 Nd5 20.f5 exf5 21.Rxf5 Nc7 22.Raf1 Ne6
23.Nf2 Qa8 24.Bxh6 c5 25.Bxb7 Qxb7 26.Ng4 Nxd4 27.Nxd4 cxd4 28.Rxf7 Rxf7
29.Qc4 Nf6 30.exf6 Bxf6 31.Re1 Qc6 32.Nxf6+ Qxf6 33.Bf4 Rc6 34.Qd5 g5 35.Re8+ Kh7
36.Qe4+ Qg6 37.Qxd4 Qb1+ 38.Kg2 Rc2+ 39.Kh3 Qf1+ 40.Kg4 Rxf4+ 41.gxf4 Rg2+  1/2-1/2

[Event "1st WinTV Open"]
[Site "Chennai IND"]
[Date "2004.01.27"]
[Round "7"]
[White "Roktim,B"]
[Black "Shantharam,K"]
[Result "1/2-1/2"]
[WhiteElo "2352"]
[BlackElo "2211"]

1.Nf3 d5 2.c4 c6 3.d4 a6 4.Nc3 Nf6 5.e3 Bf5 6.Be2 e6 7.Nh4 Bg6 8.Nxg6 hxg6
9.Bd2 Nbd7 10.Qb3 b5 11.cxd5 cxd5 12.O-O Bd6 13.g3 O-O 14.Rfd1 Qe7 15.Be1  1/2-1/2

[Event "Open"]
[Site "Marianske Lazne CZE"]
[Date "2004.01.27"]
[Round "5"]
[White "Safyanovsky,M"]
[Black "Rohrmueller,U"]
[Result "1/2-1/2"]
[WhiteElo "2378"]
[BlackElo "2257"]

1.Nf3 d5 2.c4 e6 3.g3 Nf6 4.Bg2 Be7 5.O-O O-O 6.d4 dxc4 7.Qc2 a6 8.a4 Bd7
9.Qxc4 Bc6 10.Nc3 a5 11.Rd1 Na6 12.Bg5 Nb4 13.Rac1 h6 14.Bxf6 Bxf6 15.e4 b6
16.e5 Be7 17.Ne1 Bxg2 18.Nxg2 c6 19.Ne3 Qd7 20.Na2 Rfc8 21.Nxb4 Bxb4 22.Qc2 Rab8
23.Qe4 b5 24.axb5 cxb5 25.d5 Rxc1 26.Rxc1 Bd2 27.dxe6 Qxe6 28.Rc6 Qb3 29.Nf5 Re8
30.Qg4 Bg5 31.h4 Rxe5 32.hxg5 Re1+ 33.Kh2 Qd5 34.Nxh6+ gxh6 35.gxh6+ Kf8
36.Qc8+ Re8 37.Qc7 Qh5+ 38.Kg2 Qd5+  1/2-1/2

[Event "1st WinTV Open"]
[Site "Chennai IND"]
[Date "2004.01.29"]
[Round "10"]
[White "Bhat R,G"]
[Black "Suresh,KT"]
[Result "1/2-1/2"]
[WhiteElo "2109"]
[BlackElo "2219"]

1.Nf3 d5 2.c4 c6 3.b3 Bf5 4.Bb2 e6 5.g3 Nf6 6.Bg2 Be7 7.O-O O-O 8.d3 h6 9.Nbd2 Bh7
10.Re1 Nbd7 11.d4 Ne4 12.Nxe4 dxe4 13.Nd2 e3 14.fxe3 Nf6 15.e4 Bb4 16.e5 Ng4
17.e4 Nxe5 18.Qe2 Nd7 19.a3 Be7 20.e5 Qc7 21.Kh1 Rad8 22.Rad1 Bg6 23.Be4 Bxe4+
24.Qxe4 b5 25.c5 Bxc5 26.Rc1 Bb6 27.Rxc6 Qb8 28.Rc2 Rc8 29.Rec1 Rxc2 30.Rxc2 Rc8
31.Kg2 Nf8 32.Rxc8 Qxc8 33.Kf1 Ng6 34.Qd3 Qc6 35.Qe4 Qd7 36.Qa8+ Nf8 37.Qe4 Qd8
38.Qd3 Ng6 39.Kf2 Qd7 40.Ne4 Qd5  1/2-1/2

[Event "TCh-FRA Nat1 GpB"]
[Site "Clichy FRA"]
[Date "2004.01.30"]
[Round "1"]
[White "Brunelliere,P"]
[Black "Collas,D"]
[Result "1-0"]
[WhiteElo "2347"]
[BlackElo "2436"]

1.Nf3 d5 2.c4 d4 3.g3 Nc6 4.Bg2 e5 5.O-O e4 6.Ne1 Bf5 7.d3 Qe7 8.Nc2 O-O-O
9.b4 exd3 10.exd3 Qd7 11.Re1 Bh3 12.b5 Bxg2 13.Kxg2 Nb4 14.Nxb4 Bxb4 15.Bd2 Bxd2
16.Nxd2 h5 17.h3 h4 18.g4 f5 19.g5 Ne7 20.Qf3 Kb8 21.Nb3 b6 22.a4 Ng6 23.a5 Rc8
24.Ra2 Rh5 25.Kf1 Rxg5 26.Rea1 Rd8 27.axb6 cxb6 28.Rxa7 Qxa7 29.Rxa7 Kxa7
30.c5 f4 31.Qc6 Rb8 32.Qc7+  1-0

[Event "1st WinTV Open"]
[Site "Chennai IND"]
[Date "2004.01.31"]
[Round "12"]
[White "Gajendra,S"]
[Black "Gunasekaran,K"]
[Result "1/2-1/2"]
[WhiteElo "2167"]
[BlackElo "2265"]

1.Nf3 d5 2.c4 c6 3.e3 Nf6 4.b3 Bg4 5.Bb2 e6 6.Be2 Nbd7 7.O-O Be7 8.cxd5 exd5
9.Nd4 Bxe2 10.Qxe2 O-O 11.Nf5 Bb4 12.a3 Ba5 13.f4 Bc7 14.Qf3 Ne8 15.Qh3 Nc5
16.Rf3 f6 17.b4 Ne4 18.d3 N4d6 19.Nd4 Rf7 20.f5 Qd7 21.Nd2 Re7 22.Qh5 Bb6
23.N2b3 Nf7 24.Ne6 Rxe6 25.fxe6 Qxe6 26.Nc5 Qe7 27.Bd4 Ng5 28.Rff1 Ne6 29.Nxe6 Qxe6
30.Qh4 Nd6 31.Qf4 Bxd4 32.exd4 a5 33.Rfe1 Qd7 34.h3 a4 35.Re2 Re8 36.Rae1 Rxe2
37.Rxe2 Kf7 38.g4 Nb5 39.Kf2 g6 40.Kg2 g5 41.Qe3 Nc7 42.Kf2 Ne6 43.Rc2 Qd6
44.h4 h6 45.hxg5 hxg5 46.Re2 Qf4+ 47.Qxf4 gxf4 48.Rxe6 Kxe6 49.Ke2 f5 50.Kf3 fxg4+
51.Kxf4 g3 52.Kxg3 Kf5  1/2-1/2

[Event "9th HIT Open"]
[Site "Nova Gorica SLO"]
[Date "2004.01.31"]
[Round "3"]
[White "Dobrov,V"]
[Black "Djingarova,E"]
[Result "1-0"]
[WhiteElo "2481"]
[BlackElo "2344"]

1.Nf3 d5 2.c4 c6 3.e3 Nf6 4.Qc2 a6 5.b3 e6 6.Bb2 Nbd7 7.Be2 Bd6 8.g4 h6 9.Nc3 Qe7
10.Rg1 Ba3 11.h4 Bxb2 12.Qxb2 Rg8 13.g5 hxg5 14.hxg5 Ne4 15.d3 Nxc3 16.Qxc3 e5
17.cxd5 cxd5 18.Rc1 Nf8 19.Nxe5 Be6 20.d4 Qa3 21.b4 Qxc3+ 22.Rxc3 Nd7 23.Nd3 Ke7
24.Kd2 Rac8 25.Rxc8 Rxc8 26.Rc1 Rh8 27.Rc7 Kd6 28.Rc1 Rh2 29.Bf3 Rh3 30.Ke2 Rh8
31.a4 b5 32.a5 Bf5 33.Nc5 Nb8 34.Nb7+ Ke6 35.Rc5 Be4 36.Bxe4 dxe4 37.Re5+  1-0

[Event "75th ch-GER"]
[Site "Hoeckendorf GER"]
[Date "2004.02.01"]
[Round "3"]
[White "Scherer,M"]
[Black "Rabiega,R"]
[Result "0-1"]
[WhiteElo "2285"]
[BlackElo "2527"]

1.Nf3 d5 2.c4 e6 3.b3 c5 4.Bb2 Nc6 5.g3 d4 6.Bg2 Nf6 7.O-O Be7 8.e3 e5 9.exd4 exd4
10.d3 O-O 11.Nbd2 Bf5 12.Ne1 Re8 13.Ne4 Bf8 14.f3 Bg6 15.Bc1 h6 16.a3 Kh8
17.Ra2 Nd7 18.g4 f5 19.gxf5 Bxf5 20.Ng3 Bh7 21.f4 Nf6 22.f5 Qd7 23.Ne4 Be7
24.Raf2 Ne5 25.Rf4 Rf8 26.h4 Rae8 27.Bh3 Nxe4 28.Rxe4 Bd6 29.Qh5 Bg6 30.Qe2 Bxf5
31.Rxf5 Rxf5 32.Bf4 Qf7 33.Ng2 Re7 34.b4 b6 35.Bxf5 Qxf5 36.h5 Nxd3 37.Rxe7 Bxe7
38.Bb8 Bf6 39.Bxa7 cxb4 40.axb4 Nxb4 41.Bxb6 Kh7 42.Ne1 d3 43.Qf3 Qg5+ 44.Ng2 Qc1+
45.Kh2 Qxc4 46.Qf5+ Kg8 47.Bc5 d2 48.Qc8+ Kh7 49.Qf5+ Kh8 50.Ne3 Qe2+ 51.Kh3 Qxe3+
52.Bxe3 d1=Q 53.Bxh6 Qh1+ 54.Kg3 Qh4+ 55.Kf3 gxh6 56.Qc8+ Bd8 57.Kg2 Nd5
58.Qd7 Nf4+ 59.Kf3 Qh3+  0-1

[Event "Scheveningen"]
[Site "Monte Carlo MNC"]
[Date "2004.02.05"]
[Round "6"]
[White "Maze,S"]
[Black "Dorfman,J"]
[Result "1/2-1/2"]
[WhiteElo "2462"]
[BlackElo "2608"]

1.Nf3 d5 2.c4 e6 3.g3 dxc4 4.Qa4+ Nd7 5.Qxc4 c5 6.Bg2 Ngf6 7.O-O b6 8.d4 Bb7
9.Nc3 Rc8 10.Rd1 a6 11.Qd3 c4 12.Qc2 Bb4 13.Ne1 Bxg2 14.Nxg2 O-O 15.e4  1/2-1/2

[Event "TCh-CZE Extraliga 2003-4"]
[Site "Czech Rep CZE"]
[Date "2004.02.08"]
[Round "7"]
[White "Stocek,J"]
[Black "Movsesian,S"]
[Result "1/2-1/2"]
[WhiteElo "2552"]
[BlackElo "2639"]

1.Nf3 d5 2.c4 c6 3.d4 Nf6 4.Nc3 a6 5.h3 e6 6.c5 b6 7.cxb6 Nbd7 8.e3 Qxb6
9.Bd3 c5 10.O-O Be7 11.Na4 Qa7 12.dxc5 Nxc5 13.Nxc5 Qxc5 14.b3 O-O 15.Bb2 Bd7
16.Ne5 Bb5 17.Rc1 Qb6 18.Bxb5 axb5 19.Nc6 Ba3 20.Bxf6 gxf6 21.Qg4+ Kh8 22.Qh4 Kg7
23.Qg3+ Kh8 24.Qh4  1/2-1/2

[Event "FSIM February"]
[Site "Budapest HUN"]
[Date "2004.02.13"]
[Round "7"]
[White "Juhasz,B"]
[Black "Galyas,M"]
[Result "0-1"]
[WhiteElo "2263"]
[BlackElo "2436"]

1.Nf3 d5 2.c4 e6 3.g3 Nf6 4.Bg2 dxc4 5.Qa4+ c6 6.Qxc4 b5 7.Qc2 Bb7 8.O-O Nbd7
9.d4 a6 10.a4 c5 11.axb5 axb5 12.Rxa8 Qxa8 13.dxc5 Bxc5 14.Nc3 b4 15.Na4 Be4
16.Qb3 Bd5 17.Qd1 Be7 18.Ne1 Bxg2 19.Nxg2 O-O 20.Be3 Qc6 21.Nf4 e5 22.Nd3 Nd5
23.Bd2 e4 24.Nf4 N7f6 25.b3 e3 26.fxe3 Ne4 27.Nxd5 Qxd5 28.Bc1 Qe6 29.Bb2 Rd8
30.Bd4 h5 31.Qd3 h4 32.Rf4 Ng5 33.Kf1 Qh3+ 34.Ke1 Ne6 35.Qf5 Nxf4  0-1

[Event "X Open"]
[Site "Coria del Rio ESP"]
[Date "2004.02.14"]
[Round "4"]
[White "Teran Alvarez,I"]
[Black "Beitia Amador,E"]
[Result "1-0"]
[WhiteElo "2382"]
[BlackElo "2073"]

1.Nf3 d5 2.c4 d4 3.g3 Nc6 4.Bg2 d3 5.O-O dxe2 6.Qxe2 Bf5 7.d4 Nb4 8.Rd1 c6
9.a3 Na6 10.Nc3 Nf6 11.Ne5 Qc8 12.d5 cxd5 13.cxd5 Bd7 14.Bf4 Qc5 15.d6 Qb6
16.dxe7 Bxe7 17.Nxd7 Nxd7 18.Bd6  1-0

[Event "X Open"]
[Site "Coria del Rio ESP"]
[Date "2004.02.16"]
[Round "6"]
[White "Barrero Garcia,C"]
[Black "Beitia Amador,E"]
[Result "1-0"]
[WhiteElo "2339"]
[BlackElo "2073"]

1.Nf3 d5 2.c4 d4 3.e4 Nc6 4.d3 e5 5.Be2 Bb4+ 6.Nfd2 Be6 7.O-O Qd7 8.Na3 Nge7
9.Nc2 Bxd2 10.Bxd2 O-O 11.Bf3 f6 12.b4 Rac8 13.a4 Nd8 14.g3 a6 15.a5 c6 16.Bg2 Nf7
17.f4 Nd6 18.f5 Bf7 19.g4 h6 20.h4 Kh7 21.g5 hxg5 22.hxg5 fxg5 23.Bxg5 Rh8
24.Qg4 Kg8 25.Qg3 Re8 26.Bf6 Rh7 27.Bxe5 Nexf5 28.exf5 Nxf5 29.Rxf5 Qxf5
30.Bxd4 Qg6 31.Qxg6 Bxg6 32.Ne1 Rh4 33.Bf2 Rg4 34.Kf1 Rd8 35.Ra3 Rf8 36.b5 Rgf4
37.Ra2 axb5 38.cxb5 cxb5 39.Bxb7 Rd8 40.a6 Bxd3+ 41.Nxd3 Rxd3 42.a7 Rd8 43.a8=Q Rxa8
44.Bxa8 Kf7 45.Ra6 g5 46.Rb6 g4 47.Ke2 Rb4 48.Bd5+ Kg7 49.Kd3 Rb1 50.Bd4+ Kh7
51.Be4+ Kg8 52.Bg6 Kf8 53.Bf6 Rd1+ 54.Ke2  1-0